| Tag |
First Indicator |
Second Indicator |
Subfields |
| LEADER |
00000cam a22000008a 4500 |
| 001 |
in00001186621 |
| 005 |
20151001095635.0 |
| 008 |
930510s1994 nyu b 001 0 eng |
| 010 |
|
|
|a 93024742
|
| 020 |
|
|
|a 0195079248 (alk. paper)
|
| 035 |
|
|
|a (OCoLC)28338175
|
| 035 |
|
|
|9 AGG7163AM
|
| 040 |
|
|
|a DLC
|c DLC
|d IAY
|d TXA
|d UtOrBLW
|
| 049 |
|
|
|a TXAM
|
| 050 |
0 |
0 |
|a BD171
|b .D285 1994
|
| 082 |
0 |
0 |
|a 121
|2 20
|
| 100 |
1 |
|
|a David, Marian Alexander,
|d 1959-
|
| 245 |
1 |
0 |
|a Correspondence and disquotation :
|b an essay on the nature of truth /
|c Marian David.
|
| 263 |
|
|
|a 9404
|
| 264 |
|
1 |
|a New York :
|b Oxford University Press,
|c 1994.
|
| 300 |
|
|
|a x, 206 pages ;
|c 22 cm.
|
| 336 |
|
|
|a text
|b txt
|2 rdacontent
|
| 337 |
|
|
|a unmediated
|b n
|2 rdamedia
|
| 338 |
|
|
|a volume
|b nc
|2 rdacarrier
|
| 504 |
|
|
|a Includes bibliographical references (pages 193-198) and index.
|
| 650 |
|
0 |
|a Truth
|x Correspondence theory.
|
| 650 |
|
0 |
|a Truth.
|
| 740 |
0 |
|
|a Disquotation.
|
| 999 |
|
|
|a MARS
|
| 999 |
f |
f |
|s 24221f4f-9c67-36a2-ae83-a82d76d14c2b
|i 7f6e6d91-6deb-31b5-beb0-675a217925bb
|t 0
|
| 952 |
f |
f |
|p ric
|a Texas A&M University
|b Rellis Campus
|c Joint Library Facility
|d Remote Storage
|t 0
|e BD171 .D285 1994
|h Library of Congress classification
|i unmediated -- volume
|m A14818225433
|
| 998 |
f |
f |
|a BD171 .D285 1994
|t 0
|l Remote Storage
|